00456nam a2200145 a 450000500170000000800410001705000180005810000190007624500870009526000530018230000160023544000220025165000160027365000210028920140412111240.0001116s19uu xx 00 eng d aERbGo57 1993 aPatience, John aGoldilocks and the three bears /cretold by Fran Hunia ; illustrated by John Dyke. aLeicesterahire, UK :bLadybird Books Ltd,c1993. a1 v. (unp.) aReadi it yourself aFairy tales aBears -- Stories